00351nam a22001457a 4500003000500000005001700005008004100022020001800063040000600081082001700087100002500104245002000129260004700149300000900196CEME20210628202048.0210113b xxu||||| |||| 00| 0 eng d a9789698535179 c. a891.4393 KHA aKhaleeq Ahmed Sidqui aJamal ul amsaal aISLAMABADbNUST PUBLISHING ISLAMABADc2014 a444P